Настоящее время во французском 2 - Statistics

General Stats
  • This quiz has been taken 88 times
    46 since last reset
  • The average score is 9 of 20
Answer Stats
Глагол Предложение % Correct
comprendre Elle {comprend} le finnois
100%
naître Elle {naît} 1972
100%
rire Elle {rit} assez haut
100%
écrire Elles {écrivent}
100%
se lever Elle {se lève} demain
100%
se reposer Elle {se repose} dans Saint Petersbourg
100%
finir Elles {finissent} dʼapercevoir nos hommes dans cette maison
100%
ouvrir Elles {ouvrent} leurs yeux
100%
voir Elles {voient} un journal
100%
faire Il {fait} ses devoirs
100%
prendre Il {prend} la rue
100%
boire Ils {boivent} beacoup
100%
devoir Ils {doivent} boire beacoup
100%
se promener Il {se promène}
100%
connaître Ils le {connaissent}
100%
aller Il {va} chez ce père
100%
apprendre Jʼ{apprends} le bulgare
100%
sʼarrêter Je {mʼarrête}
100%
mentir Je {mens} aux étudientes
100%
mettre Je {mets} les devoirs à Moscou
100%
sourire Je {souris} à notre élève
100%
aller Nous {allons} à London avec des élèves
100%
apprendre Nous {apprenons} lʼallemand
100%
comprendre Nous {comprenons}
100%
dire Nous {disons} quʼils refusent de marcher avec une élève
100%
écrire Nous {écrivons} en suédois
100%
traduire Nous {traduisons} en français
100%
apprendre Tu {apprends} lʼespagnol
100%
devoir Tu {dois} chanter avec Paul
100%
être Tu {es} dans une gare
100%
faire Tu {fais} sa gymnastique
100%
apercevoir Tu les {aperçois}
100%
partir Tu {pars} mardi
100%
se coucher Tu {te couches}
100%
se promener Tu {te promènes} à London
100%
aller Vous {allez} aux tables
100%
attendre Vous {attendez}
100%
être Vous {êtes} mauvais
100%
finir Vous {finissez} de suivre mon amie
100%
traduire Vous les {traduisez} en suédois
100%
offrir Vous lʼ{offrez}
100%
pouvoir Vous {pouvez} apprendre le français
100%
prendre Vous {prenez} la rue
100%
se sentir Vous {vous sentez} assez bien
100%
tenir Je le {tiens}
67%
pouvoir Nous {pouvons} avoir soif
67%
avoir Elles {ont} une lettre
50%
voir Il {voit} vos tables
50%
voir Je les {vois}
50%
voir Nous {voyons} leur veste
50%
avoir Tu {as} des lettres
50%
dire Tu {dis} « pas de questions »
50%
finir Tu {finis} de jouer de mon piano
50%
sortir Tu {sors} de la gare
50%
tenir Tu {tiens} notre café
50%
comprendre Vous {comprenez} nos étudientes
50%
lire Vous {lisez} les vers
50%
mentir Vous {mentez} à lʼélève
50%
préférer Vous {préférez} vous installer à Saint Petersbourg
50%
apprendre Elle {apprend} le finnois
0%
avoir Elle {a} quelques moments de loisir
0%
attendre Elle {attend}
0%
choisir Elle {choisit} vos revues
0%
connaître Elle {connaît} des élèves
0%
découvrir Elle {découvre} quʼil fume dans Saint Petersbourg
0%
dire Elle {dit} à cet élève quʼelles connaissent nos voisines
0%
dormir Elle {dort} à cette mer
0%
lire Elle {lit} des journaux
0%
ouvrir Elle {ouvre} sa revue
0%
partir Elle {part} vite
0%
recevoir Elle {reçoit} cette veste
0%
savoir Elle {sait} que nous sommes à Moscou
0%
apercevoir Elles {aperçoivent} cette guitare dans cette gare
0%
chanter Elles {chantent} avec votre ami
0%
comprendre Elles {comprennent} les étudients
0%
découvrir Elles {découvrent} que je connais sa lettre
0%
dire Elles {disent} à lʼétudient « salut »
0%
dormir Elles {dorment} mal
0%
se sentir Elle {se sent} très mal
0%
sʼinstaller Elle {sʼinstalle} à London
0%
mettre Elles le {mettent} à leur maison
0%
recevoir Elles le {reçoivent}
0%
tenir Elles les {tiennent}
0%
mentir Elles {mentent} à cet élève
0%
offrir Elles {offrent} notre doudoune à leurs élèves
0%
sortir Elle {sort} de cette gare
0%
parler Elles {parlent} français
0%
pouvoir Elles {peuvent} se sentir bien
0%
prendre Elles {prennent} la rue à droite
0%
renseigner Elles {renseignent} à son homme
0%
répondre Elles {répondent} à Marc « bonsoir »
0%
revenir Elles {reviennent}
0%
se brosser Elles {se brossent} les dents
0%
se coucher Elles {se couchent}
0%
se peigner Elles {se peignent}
0%
sortir Elles {sortent} avec les étudients
0%
sourire Elles {sourient} à votre élève
0%
entendre Elles tʼ{entendent}
0%
traduire Elles {traduisent} les journaux
0%
travailler Elles {travaillent} à leur table jeudi
0%
suivre Elle {suit} les régles
0%
aller Elles {vont} chez les pères
0%
vouloir Elle {veut} un café
0%
venir Elle {vient} à la gare
0%
adorer Il {adore} les hommes
0%
apercevoir Il {aperçoit} nos frères
0%
boire Il {boit} leur thé
0%
devoir Il {doit} valoir sʼinstaller à Paris
0%
écrire Il {écrit}
0%
être Il {est} Paul
0%
falloir Il {faut} commencer à apprendre lʼallemand
0%
finir Il {finit} de sʼarrêter
0%
mettre Il le {met} à Saint Petersbourg
0%
offrir Il les {offre}
0%
tenir Il le {tient}
0%
mentir Il {ment} aux élèves
0%
entendre Il nous {entend}
0%
pouvoir Il {peut} naître 1943
0%
pleuvoir Il {pleut} à leur maison
0%
répondre Il {répond} « pas de soucis »
0%
revenir Il {revient}
0%
apprendre Ils {apprennent} le bulgare
0%
attendre Ils {attendent} à Moscou
0%
choisir Ils {choisissent} votre café
0%
se peigner Il {se peigne} parfois
0%
fermer Ils {ferment} leurs bouches
0%
faire Ils {font} les courses
0%
habiter Ils {habitent} London
0%
lire Ils {lisent}
0%
marcher Ils {marchent} avec Pierre
0%
naître Ils {naissent} 1921
0%
sourire Il {sourit} à Marie
0%
partir Ils {partent}
0%
refuser Ils {refusent} de traduire de français
0%
rire Ils {rient} haut
0%
savoir Ils {savent} que je veux me peigner
0%
se sentir Ils {se sentent} assez mal
0%
sʼhabiller Ils {sʼhabillent}
0%
être Ils {sont} dans une maison
0%
suivre Ils {suivent} des élèves
0%
vouloir Ils {veulent} des lettres
0%
venir Ils {viennent} à Moscou dimanche
0%
traduire Il {traduit} les revues en finnois
0%
valoir Il {vaut} naître 1927
0%
avoir Jʼ{ai} quelques moments de loisir
0%
apercevoir Jʼ{aperçois} votre mère à cette mer
0%
attendre Jʼ{attends} à Saint Petersbourg
0%
bavarder Je {bavarde} avec Marc
0%
boire Je {bois} beacoup
0%
choisir Je {choisis} ton pantalon
0%
comprendre Je {comprends}
0%
connaître Je {connais} notre voisine
0%
écrire Jʼ{écris} une lettre à cette voisine en allemand
0%
découvrir Je {découvre} que tu comprends lʼitalien
0%
dire Je {dis} que vous voyez vos cadeaux
0%
devoir Je {dois} sortir avec Paul
0%
dormir Je {dors} mal
0%
faire Je {fais} ses devoirs
0%
finir Je {finis} de devoir falloir offrir la revue
0%
fumer Je {fume} dans une gare
0%
traduire Je les {traduis}
0%
lire Je {lis} les lettres
0%
se coucher Je {me couche} mardi
0%
se sentir Je {me sens} très bien
0%
sʼhabiller Je {mʼhabille} de son pantalon
0%
naître Je {nais} 1903
0%
partir Je {pars} tard
0%
pouvoir Je {peux} sortir
0%
prendre Je {prends} le livre
0%
recevoir Je {reçois} notre thé
0%
répondre Je {réponds} « quel cauchemar »
0%
revenir Je {reviens} à Saint Petersbourg
0%
rire Je {ris} haut
0%
savoir Je {sais} que jʼai sommeil
0%
sortir Je {sors} avec Marie
0%
suivre Je {suis} le plan
0%
être Je {suis} son étudient
0%
aller Je {vais} chez cette étudiente
0%
vouloir Je {veux} des guitares
0%
venir Je {viens} samedi
0%
entendre Je vous {entends}
0%
inviter Jʼ{invite} leur élève à pouvoir voir les journaux
0%
offrir Jʼ{offre} leur thé à Marie
0%
ouvrir Jʼ{ouvre} des revues
0%
attendre Nous {attendons}
0%
avoir Nous {avons} sommeil
0%
choisir Nous {choisissons} la doudoune
0%
connaître Nous {connaissons} mon voisin
0%
découvrir Nous {découvrons} que nous dormons mal
0%
devoir Nous {devons} jouer avec nos frères
0%
dormir Nous {dormons} à une heure
0%
entendre Nous {entendons} vos voisins
0%
faire Nous {faisons} des courses
0%
fermer Nous {fermons} nos bouches
0%
finir Nous {finissons} de bavarder avec Marie
0%
habiter Nous {habitons} à Paris
0%
lire Nous le {lisons}
0%
boire Nous les {buvons}
0%
offrir Nous les {offrons} à cet homme
0%
recevoir Nous les {recevons} de cet élève
0%
apercevoir Nous mʼ{apercevons} dans la gare
0%
mentir Nous {mentons} à Marie
0%
suivre Nous me {suivons}
0%
mettre Nous {mettons} notre table à Brest
0%
naître Nous {naissons} 1956
0%
sʼarrêter Nous {nous arrêtons}
0%
se sentir Nous {nous sentons} mal
0%
ouvrir Nous {ouvrons} leur fenêtre
0%
partir Nous {partons}
0%
préférer Nous {préférons} ton table
0%
prendre Nous {prenons} la rue à gauche
0%
répondre Nous {répondons} à Paul
0%
revenir Nous {revenons} à London
0%
rire Nous {rions}
0%
savoir Nous {savons} que vous souriez à Paul
0%
être Nous {sommes} des célibataires
0%
sortir Nous {sortons}
0%
sourire Nous {sourions} à Paul
0%
tenir Nous {tenons} les lettres
0%
venir Nous {venons}
0%
vouloir Nous {voulons} revenir
0%
attendre Tu {attends} à London
0%
boire Tu {bois} beacoup
0%
choisir Tu {choisis} ces revues
0%
commencer Tu {commences}
0%
comprendre Tu {comprends} Paul
0%
connaître Tu {connais} nos journaux
0%
découvrir Tu {découvres} quʼil traduit des vers
0%
dormir Tu {dors} bien
0%
écrire Tu {écris} son vers
0%
voir Tu la {vois}
0%
prendre Tu le {prends}
0%
lire Tu les {lis}
0%
recevoir Tu les {reçois}
0%
offrir Tu lʼ{offres} à Marie
0%
mentir Tu {mens} à ces étudients
0%
mettre Tu {mets} leur guitare à ces tables
0%
naître Tu {nais} 1904
0%
ouvrir Tu {ouvres} notre livre
0%
pouvoir Tu {peux} falloir devoir répondre
0%
renseigner Tu {renseignes} à ces femmes
0%
répondre Tu {réponds} aux célibataires en russe
0%
revenir Tu {reviens} à la gare
0%
rire Tu {ris}
0%
savoir Tu {sais} que nous connaissons ce célibataire
0%
sourire Tu {souris} à cet homme
0%
suivre Tu {suis} nos pères
0%
se reposer Tu {te reposes}
0%
se sentir Tu {te sens} très mal
0%
sʼinstaller Tu {tʼinstalles} à Paris
0%
traduire Tu {traduis} mon livre
0%
aller Tu {vas} à London
0%
vouloir Tu {veux} des tables
0%
venir Tu {viens} mardi
0%
entendre Tu vous {entends}
0%
apercevoir Vous {apercevez} son amie
0%
apprendre Vous {apprenez} lʼitalien
0%
avoir Vous {avez} mal aux têtes
0%
boire Vous {buvez} ce café
0%
choisir Vous {choisissez} son café
0%
découvrir Vous {découvrez} que tu marches avec leurs hommes
0%
devoir Vous {devez} demander à Pierre de sortir
0%
dire Vous {dites} quʼil habite London
0%
dormir Vous {dormez} mal
0%
écrire Vous {écrivez} une lettre à Marc
0%
entendre Vous {entendez} nos amies
0%
faire Vous {faites} des courses
0%
fermer Vous {fermez} les bouches
0%
fumer Vous {fumez} dans London
0%
habiter Vous {habitez} Paris
0%
inviter Vous {invitez} lʼélève
0%
voir Vous la {voyez}
0%
connaître Vous les {connaissez}
0%
tenir Vous les {tenez}
0%
mettre Vous {mettez} ces lettres à sa maison
0%
naître Vous {naissez} 1939
0%
ouvrir Vous {ouvrez} les yeux
0%
partir Vous {partez} tôt
0%
recevoir Vous {recevez} le livre
0%
répondre Vous {répondez} à Marie « pas de soucis »
0%
revenir Vous {revenez}
0%
rire Vous {riez}
0%
savoir Vous {savez} quʼelles demandent aux célibataires de fermer leur bouche
0%
sortir Vous {sortez} du café
0%
sourire Vous {souriez} à Marie
0%
suivre Vous {suivez} ces étudients
0%
venir Vous {venez}
0%
vouloir Vous {voulez} finir de devoir savoir quʼil suit le plan
0%
se brosser Vous {vous brossez} les dents
0%
sʼhabiller Vous {vous habillez} de leurs chapeaux
0%
se laver Vous {vous lavez} parfois
0%
se peigner Vous {vous peignez} chaque soir
0%
se promener Vous {vous promenez}
0%
se réveiller Vous {vous réveillez}
0%
No matching quizzes found
Score Distribution
Percent of People with Each Score
Percentile by Number Answered
Your Score History
You have not taken this quiz since the last reset